000 00366nam a2200169Ia 4500
001 20602
003 IN-NITTTR
005 20251114233235.0
008 251113s9999||||xx |||||||||||||| ||eng||
040 _beng
040 _cIN-NITTTR
041 _aeng
082 _a954.552 K19O
100 _aKeay, John
245 0 _aInto India. /
_cKeay, John
942 _2ddc
_cBK
999 _c23232
_d23232